Sports Quiz

Random Sports or MLB Quiz

MLB Most HRs Before Age 25 Quiz Stats

Quiz Updated Oct 1, 2017

Also try: MLB 4-HR Games
Challenge
Share
Tweet
Embed
Score 0/37 Timer 07:00
5 Plays Today
Homeruns Player % Correct
172Ken Griffey Jr.
87.6%
189Alex Rodriguez
86%
173Mickey Mantle
81.6%
140Hank Aaron
77%
168Mike Trout
75.4%
116Willie Mays
74.8%
160Albert Pujols
72.9%
127Ted Williams
67.7%
150Bryce Harper
63.3%
174Jimmie Foxx
57.1%
137Joe DiMaggio
56.6%
160Frank Robinson
49.8%
128Jose Canseco
49.7%
176Mel Ott
49.1%
150Andruw Jones
47.6%
138Miguel Cabrera
44.3%
114Prince Fielder
40.2%
140Juan Gonzalez
39.8%
154Johnny Bench
34.1%
Homeruns Player % Correct
190Eddie Mathews
33.4%
125Al Kaline
31.5%
108Cal Ripken
31.2%
111Eddie Murray
29.4%
108Darryl Strawberry
27.6%
118Adam Dunn
25.7%
154Giancarlo Stanton
21.9%
138Manny Machado
16.6%
157Orlando Cepeda
15.4%
124Tony Conigliaro
13.6%
118Troy Glaus
10.3%
130Boog Powell
10.2%
108Justin Upton
7.7%
138Bob Horner
7.3%
114Ruben Sierra
5.1%
136Hal Trosky
3.2%
105Eric Chavez
3.1%
110Tom Brunansky
1.5%

You're not logged in!

Compare scores with friends on all Sporcle quizzes.
Sign Up with Email
OR
Log In

You Might Also Like...

Show Comments

Extras

Top Quizzes Today


Score Distribution

Your Account Isn't Verified!

In order to create a playlist on Sporcle, you need to verify the email address you used during registration. Go to your Sporcle Settings to finish the process.